Las concesiones de servicios regulares de transportes por carretera, según el tribunal supremo /

Guardado en:
Autor Principal: Sanchez Gamborino, Francisco Miguel
Formato: Libro
Idioma:Spanish
Publicado: Madrid : Minuesa, 1964
Materias:
Etiquetas: Agregar Etiqueta
Sin Etiquetas, Sea el primero en etiquetar este registro!
LEADER 00485nam a22001335a 4500
001 DER.der002745
005 20061109000000.0
008 180615s1964####||||||||||||||||||||spa||
100 1 |a Sanchez Gamborino, Francisco Miguel 
245 1 0 |a Las concesiones de servicios regulares de transportes por carretera, según el tribunal supremo /  |c Francisco Miguel Sanchez Gamborino 
260 |a Madrid :  |b Minuesa,  |c 1964 
300 0 |a 262 p. 
653 |a TRANSPORTE 
859 |a DERECHO  |b BIB. DERECHO  |h 388.4  |i SAN  |p 004676